[Event "OGOLNOPOLSKA OLIMPIADA MLODZIEZY<br/>MISTRZOSTWA POLSKI JUNIOROW 2016 - C12"]
[Site "Olecko"]
[Date "2016-05-07"]
[Round "4.4"]
[White "Suder, Jakub"]
[Black "Babiarz, Arkadiusz"]
[Result "1/2-1/2"]
[WhiteTitle "I"]
[BlackTitle "I"]
[WhiteElo "1763"]
[BlackElo "1656"]

1. d4 d5 2. Nf3 e6 3. e3 Nf6 4. Bd3 c5 5. b3 Nc6 6. O-O Bd6 7. Bb2 cxd4 8. exd4
Nb4 9. Be2 O-O 10. Nbd2 Ne4 11. c4 b6 12. a3 Nc6 13. Ne5 Bb7 14. Nxe4 dxe4 15.
Qc2 Qc7 16. Qc3 f6 17. Nxc6 Bxc6 18. Qh3 Rae8 19. Rfd1 f5 20. d5 Bd7 21. Rac1
e5 22. b4 Ba4 23. Re1 Be7 24. Qg3 f4 25. Qc3 f3 26. gxf3 Bg5 27. fxe4 Qf7 28.
Qg3 Bf4 29. Qg2 Bxc1 30. Bxc1 Bc2 31. Bg4 Qc7 32. Be2 Qf7 33. Bg4 Qc7 34. Be2
Qf7 35. Be3 Qd7 36. c5 Qa4 37. Bh6 Re7 38. d6 Rb7 39. Bg4 Qxa3 40. c6 Qxb4 41.
Rc1 Bxe4 42. Be6+ Kh8 43. Qg3 Qxd6 44. cxb7 gxh6 45. b8=Q Rxb8 46. Bb3 Qg6 47.
Re1 Re8 48. Ba4 Re7 49. Bb3 Qxg3+ 50. fxg3 Bg6 51. Kf2 Kg7 52. Ke3 e4 53. Kd4
Kf8 54. Ba4 Kf7 55. Rf1+ Ke6 56. g4 Kd6 57. Rf6+ Kc7 58. Ke3 Re5 59. Kd4 Ra5 60.
Bc2 Ra2 61. Kc3 Ra1 62. h4 Ra3+ 63. Kd4 Rf3 64. Re6 Kd7 65. Re5 Rf4 66. h5 Rxg4
67. hxg6 hxg6 68. Bxe4 h5 69. Kd5 Rg1 70. Bxg6 Rxg6 71. Rxh5 Rd6+ 72. Kc4 Kc6
73. Kb4 Rd4+ 74. Kc3 Rd5 75. Rh8 a5 76. Rh6+ Kb5 77. Rg6 a4 78. Rh6 Kc5 79. Rh8
b5 80. Rc8+ Kb6 81. Rb8+ Ka7 82. Rh8 Kb6 83. Rb8+ Kc7 84. Ra8 Kb7 85. Rh8 Rg5
86. Kb4 Kc6 87. Rh6+ Kd7 88. Rh7+ Ke6 89. Rh6+ Kf7 90. Ra6 Kg7 91. Rb6 Kf7 92.
Ra6 Ke7 93. Rb6 Kd7 94. Rh6 Rd5 95. Ra6 Rd6 96. Ra5 Rb6 97. Ra8 Ke6 98. Rh8 Kf5
99. Rh5+ Kg4 100. Rh8 Kf5 101. Re8 Kf6 102. Rh8 Kg5 103. Rf8 Rb7 104. Rf1 Kg6
105. Rf2 Kg7 106. Rf1 Kg6 107. Rf2 1/2-1/2

[Event "OGOLNOPOLSKA OLIMPIADA MLODZIEZY<br/>MISTRZOSTWA POLSKI JUNIOROW 2016 - C12"]
[Site "Olecko"]
[Date "2016-05-07"]
[Round "4.5"]
[White "Ochedzan, Tymon"]
[Black "Grzesik, Gracjan"]
[Result "0-1"]
[WhiteTitle "II+"]
[BlackTitle "I"]
[WhiteElo "1664"]
[BlackElo "1748"]

1. e4 c5 2. Nf3 d6 3. d4 cxd4 4. Nxd4 Nf6 5. Nc3 a6 6. Bg5 e6 7. f4 b5 8. e5 dxe5
9. fxe5 Qc7 10. Qe2 Nfd7 11. O-O-O Bb4 12. Ncxb5 axb5 13. Nxb5 Qc6 14. Qg4 O-O
15. Bf6 Nxf6 16. exf6 g6 17. Qxb4 Nd7 18. Qf4 e5 19. Qf3 Qxf3 20. gxf3 Rxa2 21.
Rd6 Ra6 22. Bh3 Ra1+ 23. Kd2 Rxh1 24. Bxd7 Bxd7 25. Rxd7 Rxh2+ 26. Kd3 Rf2 27.
Ke4 Rxc2 28. b3 h5 29. Kxe5 Rc5+ 30. Rd5 Re8+ 31. Kd4 Rxd5+ 32. Kxd5 h4 33. Nc3
h3 34. Ne4 Rxe4 35. fxe4 h2 36. b4 h1=Q 37. b5 Qb1 38. Kc5 Qxe4 39. b6 Qb7 40.
Kb5 g5 41. Ka5 g4 42. Ka4 Qxb6 43. Ka3 g3 44. Ka2 g2 45. Ka3 g1=Q 46. Ka2 Qgb1+
47. Ka3 Qa1# 0-1

[Event "OGOLNOPOLSKA OLIMPIADA MLODZIEZY<br/>MISTRZOSTWA POLSKI JUNIOROW 2016 - C12"]
[Site "Olecko"]
[Date "2016-05-07"]
[Round "4.6"]
[White "Poltorak, Sebastian"]
[Black "Bachor, Tomasz"]
[Result "1/2-1/2"]
[WhiteTitle "II+"]
[BlackTitle "II+"]
[WhiteElo "1623"]
[BlackElo "1742"]

1. d4 Nf6 2. c4 g6 3. Nc3 Bg7 4. e4 d6 5. f3 O-O 6. Be3 a6 7. Qd2 Nbd7 8. Nge2
b5 9. cxb5 axb5 10. Nxb5 c6 11. Nbc3 Ba6 12. Ng3 Qb6 13. Bxa6 Qxa6 14. Qe2 Qb7
15. O-O h5 16. Rfb1 Nb6 17. Nf1 Nfd7 18. Nd2 Rfb8 19. f4 e6 20. e5 d5 21. h3 Bf8
22. g4 hxg4 23. hxg4 Be7 24. f5 Qa6 25. f6 Qxe2 26. Nxe2 Bb4 27. Kf2 Kf8 28. Rh1
Ke8 29. a3 Bxd2 30. Bxd2 c5 31. Rh8+ Nf8 32. dxc5 Nc4 33. Bh6 Kd7 34. Rxf8 Rxf8
35. Bxf8 Rxf8 36. b4 Nxe5 37. Kg3 Ra8 38. Nd4 Nc6 39. Nxc6 Kxc6 40. a4 d4 41.
Kf3 Kd5 42. Rc1 Rc8 43. a5 e5 44. a6 e4+ 45. Kf2 e3+ 46. Ke2 Ke4 47. Rc4 Rh8 48.
a7 Ra8 49. c6 Rxa7 50. c7 Ra2+ 51. Kd1 Ra1+ 52. Kc2 e2 53. c8=Q e1=Q 54. Qe8+
Kf3 55. Qxe1 Rxe1 56. Rxd4 Re6 57. b5 Rxf6 58. Kc3 Rb6 59. Kb4 f5 60. gxf5 gxf5
61. Kc5 Rb8 62. Rb4 f4 63. Kd4 Kg2 64. Rb2+ Kg3 65. b6 f3 66. Kc5 f2 67. Rxf2
Kxf2 68. Kc6 Rxb6+ 69. Kxb6 1/2-1/2

[Event "OGOLNOPOLSKA OLIMPIADA MLODZIEZY<br/>MISTRZOSTWA POLSKI JUNIOROW 2016 - C12"]
[Site "Olecko"]
[Date "2016-05-07"]
[Round "4.7"]
[White "Stolarski, Adam"]
[Black "Luczak, Filip"]
[Result "0-1"]
[WhiteTitle "I"]
[BlackTitle "I"]
[WhiteElo "1733"]
[BlackElo "1662"]

1. e4 c5 2. c3 d5 3. exd5 Qxd5 4. d4 Nc6 5. Nf3 Bf5 6. Be2 cxd4 7. cxd4 Bxb1 8.
Rxb1 e6 9. O-O Nf6 10. Be3 Qxa2 11. Ne5 Be7 12. Bb5 Rc8 13. Rc1 O-O 14. Bxc6 bxc6
15. Nxc6 Bd6 16. Bg5 Nd5 17. Qg4 Kh8 18. Rc2 Qa4 19. Rfc1 h6 20. Qh4 Kg8 21. Bd2
Rc7 22. Ba5 Rxc6 23. Rxc6 Be7 24. Qe4 Qxa5 25. g3 Qb5 26. R6c2 Qb4 27. h4 a5 28.
Kh2 h5 29. f4 Bf6 30. Rd1 Qb3 31. Re1 Bxd4 32. f5 e5 33. Rd2 Nf6 34. Qe2 Ng4+
35. Kh3 Bf2 36. Rd3 Qb7 37. Rf1 e4 38. Rc3 e3 39. Rfc1 Qe4 40. Rc5 Rd8 41. Rc8
Rxc8 42. Rxc8+ Kh7 43. Rc1 Qe5 44. Qf3 e2 0-1

[Event "OGOLNOPOLSKA OLIMPIADA MLODZIEZY<br/>MISTRZOSTWA POLSKI JUNIOROW 2016 - C12"]
[Site "Olecko"]
[Date "2016-05-07"]
[Round "4.8"]
[White "Dolata, Marcin"]
[Black "Skurniak, Szymon"]
[Result "1/2-1/2"]
[WhiteTitle "II"]
[BlackTitle "I"]
[WhiteElo "1345"]
[BlackElo "1694"]

1. e4 c5 2. Nc3 Nc6 3. g3 g6 4. Bg2 Bg7 5. d3 e6 6. Be3 Nd4 7. f4 d6 8. Nf3 Ne7
9. O-O O-O 10. a3 Rb8 11. Rb1 b5 12. Ne2 Nec6 13. c3 Nxf3+ 14. Bxf3 Qc7 15. Qe1
b4 16. e5 Ba6 17. d4 cxd4 18. cxd4 d5 19. Qf2 Qa5 20. Rfc1 Rfc8 21. Bd2 Qb6 22.
axb4 Bxe2 23. Bxe2 Qxd4 24. Ba6 Qxf2+ 25. Kxf2 Rc7 26. b5 Rb6 27. Rxc6 Rcxc6 28.
bxc6 Rxc6 29. Rc1 Rb6 30. Rc8+ Bf8 31. Bc3 Kg7 32. Be2 h5 33. Bd4 Rb4 34. Rxf8
Rxd4 35. Ra8 Rd2 36. Rxa7 Rxb2 37. Ra3 Kh6 38. h4 Kg7 39. Kf3 Kf8 40. Ra8+ Ke7
41. Ra7+ 1/2-1/2

[Event "OGOLNOPOLSKA OLIMPIADA MLODZIEZY<br/>MISTRZOSTWA POLSKI JUNIOROW 2016 - C12"]
[Site "Olecko"]
[Date "2016-05-07"]
[Round "4.9"]
[White "Koziorowicz, Michal"]
[Black "Bukala, Norbert"]
[Result "1-0"]
[WhiteTitle "I"]
[BlackTitle "II"]
[WhiteElo "1690"]
[BlackElo "1415"]

1. e4 e6 2. d3 d5 3. Nd2 Nf6 4. Ngf3 c5 5. g3 Nc6 6. Bg2 d4 7. O-O e5 8. h4 Bg4
9. Qe1 Nb4 10. Qd1 Bd6 11. a3 Nc6 12. Re1 O-O 13. Nf1 Qd7 14. N1h2 Bh3 15. Bg5
Bxg2 16. Kxg2 Ng4 17. Nxd4 Nxf2 18. Kxf2 cxd4 19. Kg2 f6 20. Bd2 f5 21. exf5 Rxf5
22. Qg4 Qf7 23. Rf1 Rf8 24. Rxf5 Qxf5 25. Rf1 Qxg4 26. Rxf8+ Kxf8 27. Nxg4 Kf7
28. Kf3 Ke6 29. Ke4 Ne7 30. Be1 Nd5 31. Bf2 h5 32. Nh2 Nf6+ 33. Kf3 Kf5 34. Nf1
a6 35. Nd2 g6 36. Ne4 Nxe4 37. dxe4+ Ke6 38. g4 b5 39. g5 Kd7 40. Be1 Kc6 41.
Ke2 Kb6 42. Kd3 Kc6 43. Bf2 Bc5 44. Bg3 Kd6 45. Ke2 Ke6 46. Kd1 Bd6 47. Kc1 Kd7
48. Kb1 Ke6 49. Ka2 Kd7 50. Kb3 Kc6 51. Be1 Bc5 52. a4 Kb6 53. Bb4 Bxb4 54. Kxb4
a5+ 55. Kb3 bxa4+ 56. Kxa4 d3 57. cxd3 Kc5 58. Kxa5 Kd4 59. b4 Kxd3 60. b5 Kxe4
61. b6 Kf3 62. b7 e4 63. b8=Q e3 64. Qh2 e2 65. Qg1 Ke4 66. Kb4 Kd3 67. Qe1 Ke3
68. Kc3 Kf3 69. Kd3 Kg2 70. Kxe2 Kh3 71. Kf3 Kh2 72. Qg3+ Kh1 73. Qg2# 1-0

[Event "OGOLNOPOLSKA OLIMPIADA MLODZIEZY<br/>MISTRZOSTWA POLSKI JUNIOROW 2016 - C12"]
[Site "Olecko"]
[Date "2016-05-07"]
[Round "4.10"]
[White "Czechowski, Jakub"]
[Black "Baum, Jonasz"]
[Result "0-1"]
[WhiteTitle "II"]
[BlackTitle "I"]
[WhiteElo "1652"]
[BlackElo "1857"]

1. e4 c5 2. Nf3 d6 3. d4 cxd4 4. Nxd4 Nf6 5. Nc3 a6 6. Be3 e6 7. g4 e5 8. Nf5 g6
9. g5 gxf5 10. gxf6 f4 11. Bd2 Qxf6 12. Nd5 Qd8 13. Bc4 Nd7 14. Bc3 Nf6 15. Nxf4
exf4 16. Qd4 Be7 17. O-O-O Qc7 18. Rhe1 Be6 19. e5 dxe5 20. Rxe5 Qxc4 0-1

[Event "OGOLNOPOLSKA OLIMPIADA MLODZIEZY<br/>MISTRZOSTWA POLSKI JUNIOROW 2016 - C12"]
[Site "Olecko"]
[Date "2016-05-07"]
[Round "4.11"]
[White "Redzisz, Michal"]
[Black "Kabacinski, Krzysztof"]
[Result "1-0"]
[WhiteTitle "II"]
[BlackTitle "II"]
[WhiteElo "1750"]
[BlackElo "1636"]

1. e4 c6 2. Nc3 d5 3. Nf3 Bg4 4. h3 Bh5 5. g4 Bg6 6. exd5 cxd5 7. Bb5+ Nc6 8. d4
e6 9. h4 Bb4 10. Bxc6+ bxc6 11. Ne5 Qc7 12. Bf4 Bd6 13. Qe2 Ne7 14. h5 Bxc2 15.
Qxc2 f6 16. Qe2 fxe5 17. dxe5 Bb4 18. O-O Qa5 19. Rfc1 O-O 20. Bg3 Rab8 21. Bh4
Rfe8 22. Nd1 Qb5 23. Qxb5 cxb5 24. Rc7 Nc8 25. Rac1 Ba5 26. Rd7 Rf8 27. Rc6 Rb6
28. Rcc7 Re8 29. Rxg7+ Kh8 1-0

[Event "OGOLNOPOLSKA OLIMPIADA MLODZIEZY<br/>MISTRZOSTWA POLSKI JUNIOROW 2016 - C12"]
[Site "Olecko"]
[Date "2016-05-07"]
[Round "4.12"]
[White "Turski, Bartlomiej"]
[Black "Kacprzak, Karol"]
[Result "1-0"]
[WhiteTitle "I"]
[BlackTitle "I"]
[WhiteElo "1704"]
[BlackElo "1556"]

1. e4 c5 2. Nf3 d6 3. d4 cxd4 4. Nxd4 Nf6 5. Nc3 a6 6. Be2 e6 7. a4 Be7 8. O-O
b6 9. Be3 Bb7 10. Bd3 Nbd7 11. f4 Nc5 12. Qf3 Rc8 13. Rae1 O-O 14. Kh1 Qc7 15.
Bg1 Rfd8 16. Qh3 Nxd3 17. cxd3 Qd7 18. Rf3 Re8 19. Be3 Bf8 20. Ref1 Re7 21. Rg3
Rc5 22. f5 e5 23. Nf3 Re8 24. Qh4 Kh8 25. Rh3 h6 26. Bxh6 gxh6 27. Qxf6+ Bg7 28.
Rxh6+ Kg8 29. Qg5 Kf8 30. f6 1-0

[Event "OGOLNOPOLSKA OLIMPIADA MLODZIEZY<br/>MISTRZOSTWA POLSKI JUNIOROW 2016 - C12"]
[Site "Olecko"]
[Date "2016-05-07"]
[Round "4.13"]
[White "Gazik, Jakub"]
[Black "Sieczkowski, Adam"]
[Result "0-1"]
[WhiteTitle "II"]
[BlackTitle "II"]
[WhiteElo "1665"]
[BlackElo "1494"]

1. e4 c6 2. Nc3 d5 3. Nf3 Bg4 4. Be2 e6 5. O-O Nd7 6. Re1 dxe4 7. Nxe4 Ngf6 8.
d3 Be7 9. h3 Bxf3 10. Bxf3 O-O 11. Bf4 Nd5 12. Bh2 N7f6 13. c3 c5 14. d4 cxd4
15. Qxd4 Rc8 16. Qxa7 Nxe4 17. Bxe4 Bc5 18. Qa4 Qh4 19. Bg3 Qxg3 20. Qc2 Nf4 21.
Kh1 Bxf2 22. Rf1 Nxh3 23. Bxh7+ Kh8 24. Rad1 Rc5 25. Rd3 Be3 26. Rxf7 Qe1+ 27.
Kh2 Bg1+ 28. Kxh3 Rh5+ 29. Kg4 Qh4+ 30. Kf3 Rxf7+ 31. Ke2 Qf2+ 32. Kd1 Qf1+ 33.
Kd2 Rf2+ 34. Ke3 Re2# 35. Kd4 0-1

[Event "OGOLNOPOLSKA OLIMPIADA MLODZIEZY<br/>MISTRZOSTWA POLSKI JUNIOROW 2016 - C12"]
[Site "Olecko"]
[Date "2016-05-07"]
[Round "4.14"]
[White "Lichorad, Mateusz"]
[Black "Oleksy, Krzysztof"]
[Result "1/2-1/2"]
[WhiteTitle "II"]
[BlackTitle "I"]
[WhiteElo "1644"]
[BlackElo "1653"]

1. e4 c5 2. c4 Nc6 3. Nc3 g6 4. g3 Bg7 5. Bg2 Nf6 6. d3 d6 7. h3 O-O 8. Nge2 e6
9. O-O Kh8 10. Be3 Ng8 11. f4 Nge7 12. Qd2 Nd4 13. g4 Nec6 14. f5 exf5 15. gxf5
gxf5 16. Ng3 fxe4 17. Ngxe4 f5 18. Ng5 h6 19. Nf3 Kh7 20. Rae1 Rb8 21. Nd5 Ne6
22. Bf2 Ng5 23. Nxg5+ Qxg5 24. Be3 Bd4 25. Kh1 Bxe3 26. Rxe3 Ne5 27. Qf2 Bd7 28.
Rfe1 Kh8 29. Rg3 Qh5 30. Nf4 Qe8 31. Ng6+ Kh7 32. Nxf8+ Qxf8 33. Rge3 Kh8 34.
Rf1 Qe7 35. Qf4 Qg5 36. Rg3 Qxf4 37. Rxf4 Be6 38. Re3 b6 39. Rf2 Rd8 40. b3 Rg8
41. a3 a5 42. a4 1/2-1/2

[Event "OGOLNOPOLSKA OLIMPIADA MLODZIEZY<br/>MISTRZOSTWA POLSKI JUNIOROW 2016 - C12"]
[Site "Olecko"]
[Date "2016-05-07"]
[Round "4.15"]
[White "Gorkiewicz, Mateusz"]
[Black "Wysocki, Mateusz"]
[Result "1-0"]
[WhiteTitle "II"]
[BlackTitle "II"]
[WhiteElo "1721"]
[BlackElo "1469"]

1. e4 c5 2. Nf3 e6 3. d4 cxd4 4. Nxd4 a6 5. Bd3 Nf6 6. O-O Qc7 7. Kh1 Be7 8. f4
d6 9. Nc3 Nc6 10. Nb3 b5 11. Be3 Bb7 12. Qf3 O-O 13. Rae1 Rfd8 14. Qh3 Nb4 15.
e5 Nxd3 16. cxd3 Nd5 17. Ne4 Nxe3 18. Rxe3 Bxe4 19. Rxe4 dxe5 20. fxe5 Bf8 21.
Nd4 Qb6 22. Ne2 g6 23. Ref4 Ra7 24. Nc3 Qc5 25. Ne4 1-0

[Event "OGOLNOPOLSKA OLIMPIADA MLODZIEZY<br/>MISTRZOSTWA POLSKI JUNIOROW 2016 - C12"]
[Site "Olecko"]
[Date "2016-05-07"]
[Round "4.16"]
[White "Trybus, Daniel"]
[Black "Panek, Bartosz"]
[Result "0-1"]
[WhiteTitle "II+"]
[BlackTitle "II"]
[WhiteElo "1711"]
[BlackElo "1473"]

1. c4 e6 2. Nf3 c5 3. b3 d5 4. e3 Nc6 5. Bb2 Nf6 6. Bd3 Bd6 7. O-O Nb4 8. Be2 O-O
9. a3 Nc6 10. d4 b6 11. Ra2 Bb7 12. dxc5 bxc5 13. Bxf6 Qxf6 14. cxd5 exd5 15.
Rd2 d4 16. exd4 cxd4 17. Nxd4 Nxd4 18. Rxd4 Rad8 19. Kh1 Qh6 20. f4 Rfe8 21. b4
Bxf4 22. Rfxf4 Qxf4 23. Rxd8 Bxg2+ 24. Kxg2 Qg5+ 25. Kh1 Rxd8 26. Qf1 Rc8 27.
Bc4 Qg6 28. Nd2 h6 29. Qg2 Qf6 30. Bf1 Rd8 31. Ne4 Qf4 32. Ng3 Qe5 33. Kg1 Qe3+
34. Qf2 Qxf2+ 35. Kxf2 Rd2+ 36. Be2 Ra2 37. Ke3 Rxa3+ 38. Kd4 Ra4 39. Kc5 Ra2
40. b5 g5 41. h3 Ra3 42. Nf5 Rxh3 43. Ne7+ Kg7 44. Nc6 Ra3 45. Bf1 f5 46. Bg2
f4 47. Kb4 Ra1 48. Bf3 Kf6 49. Kc5 Ra3 50. Nd4 Kg6 51. Kb4 Ra2 52. Nc2 h5 53.
Kb3 Ra5 54. Kb4 Ra2 55. Kb3 Rxc2 56. Kxc2 g4 57. Bg2 f3 58. Bf1 g3 59. Bd3+ Kf6
60. Kd2 g2 0-1

[Event "OGOLNOPOLSKA OLIMPIADA MLODZIEZY<br/>MISTRZOSTWA POLSKI JUNIOROW 2016 - C12"]
[Site "Olecko"]
[Date "2016-05-07"]
[Round "4.17"]
[White "Wojtasik, Szymon"]
[Black "Norek, Bartosz"]
[Result "0-1"]
[WhiteTitle "II"]
[BlackTitle "II+"]
[WhiteElo "1151"]
[BlackElo "1687"]

1. e4 c5 2. Nf3 d6 3. d4 cxd4 4. Nxd4 Nf6 5. Nc3 a6 6. Bd3 g6 7. O-O Bg7 8. f3
O-O 9. Kh1 Nc6 10. Nxc6 bxc6 11. Bc4 Rb8 12. Bb3 Bb7 13. Re1 d5 14. e5 Nd7 15.
f4 e6 16. Ne2 c5 17. c3 Qc7 18. Be3 Rfd8 19. Rc1 Nb6 20. Ng3 Qc6 21. Qd2 a5 22.
a3 a4 23. Ba2 Ba6 24. Qf2 Bf8 25. Nf1 Bc4 26. Bb1 Bxf1 27. Rxf1 Nc4 28. Rc2 Qb5
29. Re1 Nxb2 30. Qh4 Nc4 31. Ra2 Nxe3 32. Qf2 Qxb1 33. Rxb1 Rxb1+ 34. Qg1 Rxg1+
35. Kxg1 Rb8 36. h3 Rb1+ 37. Kf2 Rb2+ 38. Rxb2 Nd1+ 39. Ke2 Nxb2 40. g4 c4 41.
h4 h5 42. gxh5 gxh5 43. Kf3 Bxa3 44. f5 Nd3 45. fxe6 fxe6 46. Ke3 Kf7 47. Kd4
Bc5# 0-1

[Event "OGOLNOPOLSKA OLIMPIADA MLODZIEZY<br/>MISTRZOSTWA POLSKI JUNIOROW 2016 - C12"]
[Site "Olecko"]
[Date "2016-05-07"]
[Round "4.18"]
[White "Wolaniecki, Patryk"]
[Black "Szatkowski, Pawel"]
[Result "1-0"]
[WhiteTitle "I"]
[BlackTitle "II"]
[WhiteElo "1585"]
[BlackElo "1422"]

1. e4 e6 2. d4 d5 3. exd5 exd5 4. Bd3 Nc6 5. Nf3 Bg4 6. c3 Be7 7. O-O Nf6 8. Bf4
O-O 9. h3 Bh5 10. Nbd2 Re8 11. Qc2 h6 12. Rae1 Bf8 13. Ne5 Bd6 14. Bh2 Ne7 15.
Re3 c5 16. b3 cxd4 17. cxd4 Qc7 18. Qxc7 Bxc7 19. Bb5 Red8 20. g4 Bg6 21. Nxg6
Bxh2+ 22. Kxh2 Nxg6 23. Rc1 Rac8 24. Rec3 Rxc3 25. Rxc3 Ne4 26. Nxe4 dxe4 27.
Rc7 a6 28. Bc4 Rxd4 29. Bxf7+ Kh7 30. Bxg6+ Kxg6 31. Rxb7 Rd2 32. Rb6+ Kg5 33.
Kg3 Rxa2 34. h4# 1-0

[Event "OGOLNOPOLSKA OLIMPIADA MLODZIEZY<br/>MISTRZOSTWA POLSKI JUNIOROW 2016 - C12"]
[Site "Olecko"]
[Date "2016-05-07"]
[Round "4.19"]
[White "Jaszczuk, Hubert"]
[Black "Bien, Hubert"]
[Result "1-0"]
[WhiteTitle "II+"]
[BlackTitle "II"]
[WhiteElo "1545"]
[BlackElo "1402"]

1. d4 e6 2. Bf4 d5 3. Nf3 Nf6 4. e3 Bd6 5. Bg3 O-O 6. Bd3 b6 7. Nbd2 Bb7 8. Ne5
Bxe5 9. dxe5 Nfd7 10. Qh5 f5 11. exf6 Nxf6 12. Qe5 Qd7 13. Qxc7 Qxc7 14. Bxc7
Nc6 15. Bg3 Rac8 16. a3 Nd7 17. O-O Nc5 18. Be2 Ne7 19. Bd6 Rf7 20. Bxc5 Rxc5
21. c3 Nf5 22. Nb3 Rc8 23. Nd4 Nxd4 24. exd4 Rcf8 25. g3 g5 26. Bg4 Bc8 27. Rae1
Rf6 28. f3 Kg7 29. Re5 h6 30. Rfe1 Kf7 31. Bh5+ Kg7 32. Kg2 Bd7 33. Kf2 Bc8 34.
Rh1 Rf5 35. Re3 Bd7 36. h4 R5f6 37. hxg5 hxg5 38. Bg4 Rh8 39. Rxh8 Kxh8 40. Re5
Rg6 41. Kg2 Kh7 42. b3 b5 43. Bh5 Rg7 44. Re1 Re7 45. Bg4 Kg6 46. Rc1 Re8 47.
f4 Rf8 48. Kf3 Rc8 49. Bh3 a5 50. Bf1 g4+ 51. Ke3 b4 52. Bd3+ Kf6 53. axb4 axb4
54. Kd2 Rh8 55. Re1 Rh2+ 56. Re2 bxc3+ 57. Kxc3 Rh3 58. Rg2 Rh8 59. b4 Rc8+ 60.
Kb3 Ra8 61. b5 Ke7 62. Ra2 Rxa2 63. Kxa2 Be8 64. Kb3 Kd6 65. Kb4 Kc7 66. Kc5 Kd7
67. b6 Bf7 68. Bb5+ Kc8 69. Bc6 Bg8 70. Kd6 Kb8 71. Bd7 e5 72. fxe5 Kb7 73. e6
Kxb6 74. e7 Bf7 75. e8=Q Bxe8 76. Bxe8 Kb7 77. Kxd5 Kc7 78. Bh5 Kd7 79. Bxg4+
1-0

[Event "OGOLNOPOLSKA OLIMPIADA MLODZIEZY<br/>MISTRZOSTWA POLSKI JUNIOROW 2016 - C12"]
[Site "Olecko"]
[Date "2016-05-07"]
[Round "4.20"]
[White "Majewski, Krzysztof"]
[Black "Retz, Adrian"]
[Result "1-0"]
[WhiteTitle "II"]
[BlackTitle "II"]
[WhiteElo "1492"]
[BlackElo "1387"]

1. e4 c5 2. Nf3 a6 3. d4 cxd4 4. Nxd4 Nf6 5. Nc3 e6 6. Bg5 Qc7 7. Bxf6 gxf6 8.
Qf3 Qe5 9. O-O-O b5 10. Qd3 Bh6+ 11. Kb1 Bb7 12. Nf3 Qc5 13. Nd4 Qe5 14. g3 b4
15. f4 Qc7 16. Nce2 a5 17. Nb5 Qb6 18. Nd6+ Ke7 19. Nxb7 Qxb7 20. Qd6+ Ke8 21.
Nd4 Bf8 22. Nb5 Qxb5 23. Bxb5 Bxd6 24. Rxd6 Ke7 25. Rhd1 Rd8 26. b3 Ra7 27. Kb2
Rb7 28. Ba4 Rc7 29. R1d3 Rdc8 30. Rd2 Ra7 31. f5 e5 32. g4 h6 33. a3 Rac7 34.
axb4 axb4 35. Rb6 Rc3 36. Rxb4 Re3 37. Kc1 Na6 38. Rxd7+ Kf8 39. Rbb7 Re2 40.
Rxf7+ Kg8 41. Rg7+ Kh8 42. Rh7+ Kg8 43. Rbg7+ Kf8 44. Rh8+ Kxg7 45. Rxc8 Rxe4
46. Rc4 Re1+ 47. Kd2 Rh1 48. Bb5 Rxh2+ 49. Kc1 Nb4 50. Rxb4 Rh4 51. Rc4 Rh1+ 52.
Kb2 Re1 53. Bc6 h5 54. gxh5 Kh6 55. b4 Kxh5 56. b5 Kg5 57. b6 Rh1 58. Bxh1 1-0

[Event "OGOLNOPOLSKA OLIMPIADA MLODZIEZY<br/>MISTRZOSTWA POLSKI JUNIOROW 2016 - C12"]
[Site "Olecko"]
[Date "2016-05-07"]
[Round "4.21"]
[White "Popadowski, Wojciech"]
[Black "Skawinski, Szymon"]
[Result "0-1"]
[WhiteTitle "II"]
[BlackTitle "II"]
[WhiteElo "1393"]
[BlackElo "1348"]

1. e4 e5 2. Nf3 Nc6 3. d4 exd4 4. Bc4 Nf6 5. e5 Ng4 6. Bxf7+ Kxf7 7. Ng5+ Kg8 8.
Qf3 Bb4+ 9. c3 Ngxe5 10. Qd5+ Kf8 11. cxb4 d6 12. O-O Qf6 13. Qe4 Bf5 14. Qd5
h6 15. Nf3 Qe6 16. Qxe6 Nxf3+ 17. gxf3 Bxe6 18. a3 Ne5 19. f4 Nf3+ 20. Kg2 Bd5
21. Kg3 Re8 22. Nd2 Ne1 23. b3 Nd3 24. Nc4 h5 25. h4 Rh6 26. f5 Rf6 27. Nb2 Rxf5
28. Nxd3 Rf3+ 29. Kh2 Rxd3 30. Bg5 Re4 31. Rae1 Rf3 32. Rxe4 Bxe4 33. Re1 d5 34.
Kg1 Rxb3 35. Bd8 c6 36. Bc7 Kf7 37. Be5 Rh3 38. Bh2 Rxh4 39. a4 Rg4+ 40. Kf1 Bd3+
41. Re2 Re4 0-1

[Event "OGOLNOPOLSKA OLIMPIADA MLODZIEZY<br/>MISTRZOSTWA POLSKI JUNIOROW 2016 - C12"]
[Site "Olecko"]
[Date "2016-05-07"]
[Round "4.22"]
[White "Swiech, Lukasz"]
[Black "Paprocki, Stanislaw"]
[Result "1/2-1/2"]
[WhiteTitle "II"]
[BlackTitle "II"]
[WhiteElo "1295"]
[BlackElo "1612"]

1. e4 c5 2. Nf3 e6 3. Nc3 Nc6 4. Be2 d5 5. exd5 exd5 6. d4 cxd4 7. Nxd4 Bc5 8.
Nb3 Bb4 9. O-O Nf6 10. Bg5 Bxc3 11. bxc3 Be6 12. Nc5 Qe7 13. Nxe6 fxe6 14. Bh5+
g6 15. Bf3 O-O 16. Re1 Qd7 17. Qe2 Rae8 18. Rad1 Re7 19. h4 Rff7 20. h5 Qc7 21.
h6 Qa5 22. c4 dxc4 23. Bxf6 Rxf6 24. Bxc6 bxc6 25. Qxc4 Qb6 26. Qd4 Qxd4 27. Rxd4
g5 28. Rd6 Rxh6 29. Rxc6 Kf7 30. c4 Rh4 31. Rc1 Rd4 32. a4 Rdd7 33. c5 Rc7 34.
Rxc7 Rxc7 35. Kf1 e5 36. Ke2 Ke6 37. Kf3 Kd5 38. Kg4 h6 39. Kh5 Rc6 40. Rd1+ Kc4
41. Rd7 Kxc5 42. Rxa7 Kd4 43. a5 Rc2 44. Rd7+ Ke4 45. f3+ Ke3 46. a6 Rxg2 47.
a7 Ra2 48. Kxh6 Kxf3 49. Kxg5 e4 50. Rf7+ Ke2 51. Kf4 e3 52. Rh7 Ra4+ 53. Kg3
1/2-1/2

[Event "OGOLNOPOLSKA OLIMPIADA MLODZIEZY<br/>MISTRZOSTWA POLSKI JUNIOROW 2016 - C12"]
[Site "Olecko"]
[Date "2016-05-07"]
[Round "4.23"]
[White "Skorupka, Arkadiusz"]
[Black "Chudzik, Jakub"]
[Result "0-1"]
[WhiteTitle "III"]
[BlackTitle "II+"]
[WhiteElo "1180"]
[BlackElo "1388"]

1. e4 c5 2. Nf3 d6 3. c3 Nc6 4. d4 cxd4 5. cxd4 Bg4 6. Be3 Nf6 7. d5 Ne5 8. Qa4+
Nfd7 9. Nxe5 dxe5 10. h3 Bh5 11. Bb5 Bg6 12. Bxd7+ Qxd7 13. Qxd7+ Kxd7 14. Nc3
a6 15. O-O b5 16. f3 f6 17. Rac1 Bf7 18. a4 b4 19. Na2 e6 20. Bc5 Bxc5+ 21. Rxc5
a5 22. Rd1 exd5 23. exd5 Rhc8 24. Rdc1 b3 25. Rxc8 Rxc8 26. Nc3 Bg6 27. Rd1 Bc2
28. Rd2 Rxc3 29. Kf2 Rc4 30. Ke3 Rxa4 31. g3 Rc4 32. Re2 a4 33. Re1 a3 34. Kd2
a2 35. Ra1 Rd4+ 0-1

[Event "OGOLNOPOLSKA OLIMPIADA MLODZIEZY<br/>MISTRZOSTWA POLSKI JUNIOROW 2016 - C12"]
[Site "Olecko"]
[Date "2016-05-07"]
[Round "5.1"]
[White "Czopor, Maciej"]
[Black "Oglaza, Oskar"]
[Result "1/2-1/2"]
[WhiteTitle "I+"]
[BlackTitle "k"]
[WhiteElo "1980"]
[BlackElo "2132"]

1. e4 c5 2. Nf3 d6 3. d4 Nf6 4. Nc3 cxd4 5. Nxd4 a6 6. Be2 e6 7. O-O Be7 8. a4
Qc7 9. f4 O-O 10. Kh1 b6 11. Bf3 Bb7 12. Be3 Nbd7 13. Bg1 Rfe8 14. Qe2 e5 15.
fxe5 Nxe5 16. Rae1 Bf8 17. Qf2 Nc4 18. b3 Ne5 19. Nd5 Bxd5 20. exd5 Qc3 21. Bd1
Qc5 22. Qg3 Nxd5 23. Nf5 Qc7 24. Nh6+ Kh8 25. Rxe5 dxe5 26. Nxf7+ Kg8 27. Nh6+
Kh8 28. Nf7+ Kg8 29. Nh6+ Kh8 30. Nf7+ Kg8 31. Nh6+ Kh8 32. Nf7+ 1/2-1/2

[Event "OGOLNOPOLSKA OLIMPIADA MLODZIEZY<br/>MISTRZOSTWA POLSKI JUNIOROW 2016 - C12"]
[Site "Olecko"]
[Date "2016-05-07"]
[Round "5.2"]
[White "Czernek, Tymon"]
[Black "Koziorowicz, Michal"]
[Result "0-1"]
[WhiteTitle "I"]
[BlackTitle "I"]
[WhiteElo "1895"]
[BlackElo "1690"]

1. d4 d5 2. Nf3 f5 3. c4 e6 4. Nc3 Nf6 5. Bf4 c6 6. e3 Be7 7. Bd3 O-O 8. Qc2 Ne4
9. g4 Na6 10. a3 Qa5 11. Ke2 Nxc3+ 12. bxc3 dxc4 13. Bxc4 c5 14. gxf5 b5 15. Bxe6+
Kh8 16. Ng5 Bxg5 17. Bxg5 cxd4 18. exd4 Bxe6 19. fxe6 b4 20. Be3 bxc3 21. Rac1
Rac8 22. Rhg1 Qd5 23. Qd3 Qa2+ 24. Rc2 Qxa3 25. Qe4 Nb4 26. Qb7 Rc7 27. Qe4 Nxc2
28. Qxc2 Qa6+ 29. Ke1 Rb8 30. Bc1 Qxe6+ 31. Qe2 Re8 32. Qxe6 Rxe6+ 33. Be3 c2
34. Kd2 Rec6 35. Rc1 Kg8 36. Kd3 Rc3+ 37. Ke4 Kf7 38. Ke5 Ke7 39. d5 Kd7 40. h4
a5 41. h5 a4 42. Bd4 a3 43. Bxc3 Rxc3 44. Kd4 Rc7 45. Kd3 a2 46. Kd2 Kd6 47. f4
h6 48. f5 Kxd5 49. f6 gxf6 50. Kd3 a1=Q 51. Rxa1 c1=Q 52. Rxc1 Rxc1 53. Ke3 Ke5
54. Kd4+ 0-1

[Event "OGOLNOPOLSKA OLIMPIADA MLODZIEZY<br/>MISTRZOSTWA POLSKI JUNIOROW 2016 - C12"]
[Site "Olecko"]
[Date "2016-05-07"]
[Round "5.3"]
[White "Babiarz, Arkadiusz"]
[Black "Dzida, Kamil"]
[Result "1/2-1/2"]
[WhiteTitle "I"]
[BlackTitle "I"]
[WhiteElo "1656"]
[BlackElo "1838"]

1. e4 c5 2. c3 d5 3. exd5 Qxd5 4. d4 Nc6 5. Nf3 Bf5 6. Be2 O-O-O 7. Be3 cxd4 8.
cxd4 e5 9. Nc3 Qa5 10. d5 Nb4 11. Nxe5 Nxd5 12. Qd4 Nxe3 13. Qxe3 Re8 14. Nc6
Rxe3 15. Nxa5 Re8 16. Nc4 Bd3 17. Ne3 Bxe2 18. Kxe2 Nf6 19. Rac1 Kb8 20. Rhd1
Bc5 21. Ncd5 Nxd5 22. Rxd5 Bxe3 23. fxe3 Re7 24. Rcd1 Kc7 25. Rc1+ Kb8 26. Rcd1
Rhe8 27. Rd8+ Kc7 28. Rxe8 Rxe8 29. Rd4 Re7 30. Rh4 h6 31. Rg4 g6 32. Kf3 Kd6
33. Rd4+ Kc5 34. Ke2 a5 35. Kd3 b6 36. Rc4+ Kd6 37. Rd4+ Kc5 38. Rc4+ Kd6 39.
Rd4+ Kc5 40. Rc4+ Kd6 1/2-1/2